000 00301nam a2200133 a 4500
005 20140414093837.0
008 110304s19uu xx 00 eng d
050 _aCDR 220
_bCHI 1998
245 _aChildrens bible library.
260 _c1998.
650 _aBible
942 _cAVM
999 _c109079
_d109079